| 000 | 00537nam a2200217Ia 4500 | ||
|---|---|---|---|
| 003 | 0100 | ||
| 008 | 130303s9999 xx 000 0 und d | ||
| 020 | _a521343968 | ||
| 040 | _cARRUPELIB | ||
| 050 | _aHT1321.M36 1990 | ||
| 100 | _aManning, Patrick | ||
| 245 | _aSlavery and African life | ||
| 245 | _boccidental, oriental, and African slave trades | ||
| 260 | _aCambridge | ||
| 260 | _bCambridge University Press | ||
| 260 | _C1990 | ||
| 300 | _axi | ||
| 300 | _b 236p. 24cm. | ||
| 700 | _aPatrick Manning | ||
| 942 | 0 | 0 | _06 |
| 999 |
_c13231 _d13231 |
||